| 000 | 00558 a2200169 4500 | ||
|---|---|---|---|
| 999 |
_c4586 _d4586 |
||
| 020 | _a9780797457614 | ||
| 050 | _aQA 96. 5 MUT 2015 | ||
| 100 |
_aMutembwa, Benard _eauthor |
||
| 245 |
_aA practical introduction to computers and communication : _ba commerce students's approach / _cBenard Mutembwa |
||
| 264 |
_aGweru : _bBooklove _c2015 |
||
| 300 |
_aix, 176p. : _bill. |
||
| 500 | _aIncludes bibliographical refences | ||
| 650 | _aComputers | ||
| 650 | _ainformation communication technology | ||
| 650 | _aComputer systems | ||
| 942 |
_2lcc _cBK _h96.5 _iMUT _kQA |
||